00357nam a2200145Ia 4500008004100000020001800041082000800059100001800067245004000085250000600125260003000131300000800161500002400169650001800193230524s9999 xx 000 0 und d a9788129115300 bBHA aChetan Bhagat 0a2 States (The Story of My Marriage) a1 aNew DelhibRupa Pubc2009 a269 aQuantity Number: 2 aMiscellaneous